000 00329nam a2200121Ia 4500
008 200103s9999||||xx |||||||||||||| ||und||
040 _aIMU-MPC
082 _aColumn-9
100 _aHMSO
245 0 _aSurvey of Crew Accommodation in merchant ships: Instructions for the guidance of surveyors
260 _bHMSO
_c1979
942 _cBK
999 _c4219
_d4219